Iuridica 1

Enregistré dans:
Détails bibliographiques
Format: Livre
Langue:anglais
Publié: Praha Univ. Karlova 1986
Édition:1. vyd.
Collection:Acta Universitatis Carolinae
Tags: Ajouter un tag
Pas de tags, Soyez le premier à ajouter un tag!

MARC

LEADER 00000nam a2200000 4500
001 c041457
005 20221220071732.0
041 0 |a eng 
044 |a CZ 
245 1 0 |a Iuridica 1 
250 |a 1. vyd. 
264 1 |a Praha  |b Univ. Karlova  |c 1986 
300 |a 79 s. 
490 1 |a Acta Universitatis Carolinae 
830 0 |a Acta Universitatis Carolinae